[Event "Airthings Masters Div 2 L"]
[Site "chess.com INT"]
[Date "2023.02.08"]
[Round "3.2"]
[White "Kramnik, V."]
[Black "Bluebaum, M."]
[Result "1/2-1/2"]
[WhiteElo "2753"]
[BlackElo "2663"]
[PlyCount "108"]
[EventDate "2023.02.07"]

1. d4 d5 2. Nf3 e6 3. c4 Nf6 4. e3 Bd6 5. Nc3 O-O 6. c5 ({RR} 6. Bd3 b6 7. cxd5 exd5 8. O-O c5 9. Ne5 Re8 10. f4 Ba6 11. Bxa6 Nxa6 12. Bd2 Nc7 13. Be1 cxd4 14. exd4 Ne4 15. Qf3 Nxc3 16. Bxc3 f6 17. Ng4 Qd7 18. f5 Re4 19. Rae1 Rae8 20. g3 a5 {Caruana,F (2796)-Firouzja,A (2744) chess.com INT 2024 1-0 (68)}) ({RR} 6. Bd3 dxc4 7. Bxc4 Nc6 8. O-O e5 9. d5 Ne7 10. e4 a6 11. Re1 Ng6 12. h3 Nh5 13. Bf1 Ngf4 14. Kh2 Bc5 15. Be3 Bxe3 16. Rxe3 Qd6 17. Rc1 Bd7 18. Nd2 Qh6 19. Nc4 Rae8 20. d6 c5 {Tudor,H (2460)-Bluebaum,M (2694) chess.com INT 2026 0-1 (73)}) 6... Be7 7. b4 b6 8. Rb1 $146 ({RR} 8. a3 c6 9. Bd3 Ba6 10. O-O Qc7 11. Bxa6 Nxa6 12. Qd3 Nb8 13. Bd2 Nbd7 14. Rfc1 bxc5 15. bxc5 e5 16. Qf1 e4 17. Ne1 Ng4 18. g3 h5 19. Rab1 Rfb8 20. Nc2 Nf8 21. Nb4 Qd7 22. Qa6 Rc8 {Nakamura,H (2768)-Yu Yangyi (2729) chess.com INT 2023 1-0 (56)}) 8... a5 9. a3 axb4 10. axb4 bxc5 11. bxc5 c6 12. Bd3 Nbd7 13. O-O e5 14. dxe5 Ng4 15. Nd4 Ndxe5 16. Be2 Qd7 17. f4 Nc4 18. Bxg4 Qxg4 19. Nxc6 Bxc5 20. Qxg4 Bxg4 21. Nxd5 Bd7 22. Nd4 Rfd8 23. Nc3 Re8 24. Rb7 Ra7 25. Rxa7 Bxa7 26. Kf2 Rc8 27. Rd1 Nxe3 28. Bxe3 Rxc3 29. Nf5 Rc7 30. Bxa7 Rxa7 31. Rd2 g6 32. Ne3 Be6 33. g3 h5 34. h4 Kg7 35. Rb2 Ra3 36. Rd2 Ra1 37. Rb2 Bd7 38. Rd2 Bc6 39. f5 Be4 40. fxg6 Kxg6 41. Rd6+ Kg7 42. g4 hxg4 43. Nxg4 f5 44. Nf6 Ba8 45. Nh5+ Kh7 46. Nf4 Be4 47. Rd7+ Kh6 48. Rd6+ Kg7 49. h5 Ra3 50. h6+ Kh7 51. Nh5 Rf3+ 52. Ke2 Ra3 53. Nf6+ Kxh6 54. Nxe4+ Kg7 1/2-1/2

[Event "Lublin 1st"]
[Site "Lublin"]
[Date "2009.05.31"]
[Round "3"]
[White "Roiz, Michael"]
[Black "Zhigalko, Sergei"]
[Result "1/2-1/2"]
[WhiteElo "2635"]
[BlackElo "2622"]
[PlyCount "105"]
[EventDate "2009.05.29"]
[EventType "tourn"]
[EventRounds "9"]
[EventCountry "POL"]
[EventCategory "15"]
[SourceTitle "CBM 131"]
[Source "ChessBase"]
[SourceDate "2009.07.15"]
[SourceVersion "1"]
[SourceVersionDate "2009.07.15"]
[SourceQuality "1"]

1. Nf3 d5 2. d4 c6 3. c4 e6 4. b3 Nf6 5. e3 Bb4+ 6. Nbd2 c5 7. dxc5 ({RR} 7. Bb2 cxd4 8. exd4 Nc6 9. a3 Bxd2+ 10. Qxd2 Na5 11. Qc2 dxc4 12. bxc4 Bd7 13. Bd3 Rc8 14. Qe2 b5 15. c5 Nc4 16. O-O Bc6 17. Bxc4 bxc4 18. Ne5 Ba8 19. Nxc4 O-O 20. Nd6 Rb8 21. Bc1 Nd5 {Caruana,F (2788)-Fedoseev,V (2700) Warsaw POL 2026 ½-½ (78)}) 7... O-O 8. Bb2 Bxc5 9. a3 $146 ({RR} 9. Be2 Nc6 10. O-O Qe7 11. Rc1 Ba3 12. Bxa3 Qxa3 13. cxd5 Nxd5 14. Bd3 Qe7 15. Rc4 Rd8 16. Bb1 e5 17. Qc2 g6 18. Qb2 f6 19. a3 Be6 20. b4 Rac8 21. Rfc1 Nb6 22. R4c2 Na4 23. Qa1 a6 {Jonkers,W-Jonkman,H (2417) Helmond 2012 0-1 (46)}) ({RR} 9. Bd3 dxc4 10. Bxc4 Nc6 11. O-O b6 12. Qe2 Bb7 13. Rfd1 Qe7 14. a3 a5 15. Bd3 e5 16. Ne4 Nxe4 17. Bxe4 f6 18. Ne1 Rac8 19. Qb5 Na7 20. Qc4+ Kh8 21. Bf5 Rc7 22. Qh4 h6 23. Nf3 Bc8 {Schachinger,M (2353)-Sandhoefner,F (2229) Vienna 2010 1-0 (51)}) 9... b6 10. Bd3 Bb7 11. O-O Nbd7 12. Qe2 a5 13. cxd5 Nxd5 14. Rfd1 Rc8 15. Bb5 f5 16. Rac1 Qe7 17. Ba6 N7f6 18. Bxb7 Qxb7 19. h3 Rfd8 20. a4 Nb4 21. Nc4 Nfd5 22. Nd4 Qe7 23. Ba1 Nf6 24. Nc2 Nbd5 25. Ne1 Qb7 26. Nd3 Bf8 27. Bxf6 Nxf6 28. Nf4 Rxd1+ 29. Rxd1 Ne4 30. Qb2 Nc5 31. Na3 Qe4 32. Rd4 Qc6 33. Nc4 Qc7 34. Nd3 Nd7 35. Qd2 Nf6 36. Nf4 Re8 37. Qd1 Bc5 38. Rd3 h6 39. Nh5 Nd5 40. Ng3 f4 41. Nf1 fxe3 42. Nfxe3 Rf8 43. Qd2 Nf6 44. Nd6 Nd5 45. Ndc4 Qe7 46. Nxd5 exd5 47. Ne3 d4 48. Nc4 Qe4 49. Qd1 Rf6 50. Kf1 Re6 51. Kg1 Rf6 52. Kf1 Re6 53. Kg1 1/2-1/2

[Event "ch-USA 2025"]
[Site "Saint Louis USA"]
[Date "2025.10.15"]
[Round "4.5"]
[White "Mishra, Abhimanyu"]
[Black "So, W."]
[Result "1/2-1/2"]
[WhiteElo "2652"]
[BlackElo "2756"]
[PlyCount "103"]
[EventDate "2025.10.12"]

1. d4 d5 2. c4 e6 3. Nf3 Nf6 4. g3 c5 5. Bg2 cxd4 6. O-O Bc5 7. Nxd4 O-O 8. Nb3 Be7 9. cxd5 Nxd5 10. Bd2 Nc6 11. Nc3 Nxc3 12. Bxc3 Qb6 13. Nd4 ({RR} 13. e3 Rd8 14. Qe2 e5 15. Rfc1 a5 16. Nd2 f6 17. Qc4+ Kh8 18. Qf7 Rf8 19. Nc4 Qa6 20. Qd5 Rd8 21. Qf7 Rf8 22. Qd5 Rd8 23. Qf7 Rf8 {½-½ (23) Giri,A (2764)-Yakubboev,N (2689) Hong Kong HKG 2026}) 13... Nb4 14. a3 $146 ({RR} 14. Qb3 e5 15. Bxb4 Bxb4 16. a3 exd4 17. Qxb4 Bg4 18. Qxb6 axb6 19. Rfd1 Rad8 20. Rd2 Rfe8 21. Kf1 Rd7 22. h3 Be6 23. Rc1 Kf8 24. f4 Red8 25. Kf2 b5 26. Rc5 Bc4 27. b3 Bxb3 28. Rxb5 Be6 {Dubov,D (2672)-Idani,P (2611) Doha QAT 2025 1-0 (48)}) ({RR} 14. Qb3 Rd8 15. Rfd1 e5 16. Bxb4 Bxb4 17. a3 Bc5 18. Qxb6 Bxb6 19. Nb5 Rxd1+ 20. Rxd1 Kf8 21. Kf1 Rb8 22. Nd6 Be6 23. Bd5 Ke7 {½-½ (23) Matlakov,M (2606)-So,W (2753) Doha QAT 2025}) 14... Nd5 15. Nf5 Bf6 16. Bxd5 exd5 17. Qxd5 Rd8 18. Qf3 Bxf5 19. Qxf5 Bxc3 20. bxc3 Qc6 21. Qc2 h5 22. Rfd1 Rac8 23. a4 g6 24. h4 b6 25. c4 a6 26. Rd3 b5 27. axb5 axb5 28. Rxd8+ Rxd8 29. c5 Rd4 30. Qc3 Rc4 31. Qf3 Qxf3 32. exf3 Rxc5 33. Ra6 b4 34. Rb6 Rc1+ 35. Kg2 Rb1 36. g4 b3 37. Rb5 b2 38. Rb8+ Kg7 39. g5 f5 40. Rb7+ Kf8 41. Rb8+ Ke7 42. Rb6 Kd7 43. Rb3 Kc6 44. Rb8 Kc7 45. Rb3 f4 46. Rb4 Kc6 47. Rb8 Kc7 48. Rb4 Kc6 49. Rb8 Kc7 50. Rb4 Kc6 51. Rb8 Kc7 52. Rb4 1/2-1/2

[Event "Titled Tue 26th May 2026"]
[Site "chess.com INT"]
[Date "2026.05.26"]
[Round "10"]
[White "Andreikin, D."]
[Black "Svane, Frederik"]
[Result "0-1"]
[WhiteElo "2710"]
[BlackElo "2645"]
[PlyCount "104"]
[EventDate "2026.05.26"]

1. d4 Nf6 2. c4 e6 3. Nf3 d5 4. Bg5 Bb4+ 5. Nc3 h6 6. Bxf6 Qxf6 7. e3 c5 8. cxd5 exd5 9. Bb5+ Bd7 10. O-O Bxc3 11. Bxd7+ Nxd7 12. bxc3 O-O 13. Qb3 Qc6 14. Rfb1 b6 15. a4 Rab8 16. Qb5 Rfc8 17. h3 Nf6 $146 ({RR} 17... Qb7 18. Qd3 c4 19. Qf5 a6 20. Ne5 Nxe5 21. Qxe5 Qc6 22. Rb4 Rb7 23. Rab1 Re8 24. Qf5 b5 25. R1b2 Reb8 26. Qe5 Kh7 27. Qf5+ Kg8 28. Qb1 g6 29. h4 h5 30. g3 Kg7 31. Kg2 Qe8 32. Kg1 {Andreikin,D (2695)-Bluebaum,M (2660) chess.com INT 2025 ½-½ (70)}) ({RR} 17... Qb7 18. Ra2 a6 19. Qb3 Qc6 20. Rab2 Qe6 21. Ne1 cxd4 22. cxd4 Nf6 23. Nd3 Rc4 24. Qa3 Ne4 25. Nf4 Qc6 26. Ra1 g5 27. Nh5 Rc1+ 28. Rxc1 Qxc1+ 29. Kh2 Nxf2 30. Nf6+ Kg7 31. Qd6 Qh1+ 32. Kg3 {Rustemov,A (2525)-Caruana,F (2766) chess.com INT 2023 1-0 (36)}) 18. Nd2 Qc7 19. Qa6 cxd4 20. cxd4 Qc2 21. Rc1 Qxc1+ 22. Rxc1 Rxc1+ 23. Kh2 Rbc8 24. Qxa7 R8c2 25. Nf3 Rxf2 26. Ne5 Ne4 27. Qa8+ Kh7 28. Qxd5 Nd2 29. h4 Nf1+ 30. Kh3 Nxe3 31. Qe4+ f5 32. Qxe3 Rh1+ 33. Kg3 f4+ 34. Qxf4 Rxf4 35. Kxf4 Rxh4+ 36. g4 Rh1 37. Nc4 Rb1 38. Ke5 Rb4 39. Ne3 Rxa4 40. d5 Kg8 41. d6 Kf7 42. Nd5 Ra5 43. d7 Rxd5+ 44. Kxd5 Ke7 45. Kc6 Kd8 46. Kxb6 Kxd7 47. Kc5 Ke6 48. Kd4 Kf6 49. Ke4 Kg5 50. Kf3 Kh4 51. Kf4 g6 52. Kf3 g5 0-1

[Event "Clash of Claims 2024"]
[Site "Madrid ESP"]
[Date "2024.06.09"]
[Round "25"]
[White "Kramnik, V."]
[Black "Martinez Alcantara, Jose Eduardo"]
[Result "0-1"]
[WhiteElo "2753"]
[BlackElo "2612"]
[PlyCount "104"]
[EventDate "2024.06.07"]

1. d4 d5 2. c4 e6 3. Nf3 Nf6 4. g3 Bb4+ 5. Bd2 a5 6. Bg2 O-O 7. Qc2 Be7 8. O-O Nbd7 9. Bg5 h6 10. Bxf6 Nxf6 11. Rd1 c6 12. Nbd2 $146 ({RR} 12. Nc3 a4 13. cxd5 cxd5 14. Nxa4 Qa5 15. Nc3 Bd7 16. Ne5 Rfc8 17. Qb3 Be8 18. Nd3 Ne4 19. Nxe4 Ba4 20. Qxb7 Bxd1 21. Qxe7 Bxe2 22. Nec5 Bxd3 23. Nxd3 Ra7 24. Qd6 Qa4 25. Qf4 Rac7 26. Bf1 Qa5 {Kramnik,V (2753)-Martinez Alcantara,J (2612) Madrid ESP 2024 0-1}) ({RR} 12. Nc3 dxc4 13. Ne5 Nd5 14. a3 Bf6 15. Nxc4 b6 16. e4 Nxc3 17. bxc3 Ba6 18. Ne3 Qc7 19. Rab1 Rfd8 20. a4 Rac8 21. e5 Be7 22. Qe4 b5 23. axb5 cxb5 24. d5 Qxc3 25. d6 Bf8 26. Qf4 b4 {Di Benedetto,G (2289)-Matyakubov,M (2177) chess.com INT 2026 0-1 (32)}) 12... a4 13. a3 Qa5 14. Rac1 Rd8 15. Ne5 Bd7 16. e3 Be8 17. Nd3 Rac8 18. Qc3 Qa7 19. Nf3 b6 20. Qe1 c5 21. cxd5 Nxd5 22. Nde5 b5 23. dxc5 Bxc5 24. Nd4 Qb6 25. Nc2 Bd6 26. Nd3 Bc6 27. Nd4 Bb7 28. Rxc8 Rxc8 29. Rc1 Rd8 30. Qe2 Bf8 31. Ne5 b4 32. Qh5 g6 33. Qf3 f5 34. Nxg6 bxa3 35. bxa3 Bxa3 36. Rf1 Bb2 37. Qh5 Bxd4 38. exd4 Qxd4 39. Qxh6 Qf6 40. Qh5 a3 41. Bxd5 Bxd5 42. Nf4 a2 43. Nxd5 Rxd5 44. Qe8+ Kg7 45. Qa4 Qb2 46. h4 Qb1 47. Qa7+ Kf6 48. Kh2 Qxf1 49. Qxa2 Rd1 50. Qb2+ Kf7 51. Qb7+ Kg6 52. h5+ Kh6 0-1

[Event "Julius Baer Play-In Match"]
[Site "chess.com INT"]
[Date "2023.07.25"]
[Round "1.1"]
[White "Artemiev, V."]
[Black "Sevian, Samuel"]
[Result "1-0"]
[WhiteElo "2698"]
[BlackElo "2698"]
[PlyCount "103"]
[EventDate "2023.07.24"]
[EventType "k.o."]

1. d4 Nf6 2. c4 e6 3. a3 c5 4. e3 d5 5. dxc5 Bxc5 6. Nf3 O-O 7. b4 Be7 8. Bb2 a5 ({RR} 8... dxc4 9. Qxd8 Rxd8 10. Bxc4 b6 11. Ke2 Bb7 12. Nbd2 Nbd7 13. Rhc1 Ne8 14. Nb3 Nd6 15. Bd3 f6 16. Nfd4 Ne5 17. Nxe6 Nxd3 18. Kxd3 Rd7 19. Ke2 Ba6+ 20. Ke1 Nc4 21. Bc3 Kf7 22. Nf4 Rc8 23. a4 {Nakamura,H (2768)-Aronian,L (2735) chess.com INT 2022 1-0 (54)}) 9. b5 dxc4 ({RR} 9... Nbd7 10. Be2 Nc5 11. Nc3 dxc4 12. Bxc4 b6 13. O-O Bb7 14. Qe2 Qc7 15. Rfd1 Ng4 16. e4 Bf6 17. h3 Nxf2 18. Qxf2 Bxc3 19. Bxc3 Nxe4 20. Qd4 Nxc3 21. Qxc3 Bxf3 22. gxf3 Rac8 23. Rac1 Qg3+ 24. Kh1 {Marian,A (2019)-Chen,C (1939) Charlotte USA 2026 ½-½ (36)}) 10. Nbd2 Nbd7 $146 ({RR} 10... c3 11. Bxc3 Nbd7 12. Nc4 Ne4 13. Bb2 Bf6 14. Qc2 Bxb2 15. Qxb2 Ndc5 16. Rd1 Bd7 17. Nfe5 Qe7 18. Be2 Rfd8 19. Nb6 Be8 20. O-O Rxd1 21. Rxd1 Rd8 22. Rxd8 Qxd8 23. Nec4 Qh4 24. g3 Qd8 25. a4 {Bachmann,A (2570)-So,W (2751) chess.com INT 2025 0-1 (46)}) 11. Nxc4 Nc5 12. Qc2 b6 13. Rd1 Qc7 14. Be2 Ncd7 15. Qb1 Bb7 16. Rc1 Bc5 17. O-O Rad8 18. Qa1 Bd5 19. Nfe5 Nxe5 20. Nxe5 Qe7 21. Nc6 Bxc6 22. bxc6 Rd2 23. Bf3 Rfd8 24. Bd4 Bxd4 25. exd4 Qc7 26. Rfd1 Rxd1+ 27. Bxd1 Nd5 28. Qb2 h6 29. Bf3 Ne7 30. Rb1 Rb8 31. Qc3 Rd8 32. Qb2 Rb8 33. g3 b5 34. Qc3 Nf5 35. Qc5 Nd6 36. d5 exd5 37. Bxd5 Re8 38. Kg2 Re5 39. Qd4 Nf5 40. Qd3 Nd6 41. Rc1 b4 42. axb4 axb4 43. Qd4 Nb5 44. Qc4 Nc3 45. Bf3 Re8 46. Rc2 Rb8 47. Rd2 Rf8 48. Qxb4 Qe5 49. Qc4 Nb1 50. Rd3 Qa5 51. c7 Rc8 52. Rd7 1-0

[Event "RUS-chT 14th"]
[Site "Sochi"]
[Date "2007.05.10"]
[Round "9"]
[White "Eljanov, Pavel"]
[Black "Najer, Evgeniy"]
[Result "1-0"]
[WhiteElo "2686"]
[BlackElo "2624"]
[PlyCount "101"]
[EventDate "2007.05.02"]
[EventType "team-tourn"]
[EventRounds "9"]
[EventCountry "RUS"]
[SourceTitle "EXT 2020"]
[Source "ChessBase"]
[SourceDate "2019.10.17"]
[SourceVersion "1"]
[SourceVersionDate "2019.10.17"]
[SourceQuality "1"]
[WhiteTeam "Saratov Ekonomist SGSEU"]
[BlackTeam "Saransk TPS"]
[WhiteTeamCountry "RUS"]
[BlackTeamCountry "RUS"]

1. d4 d5 2. c4 c6 3. Nf3 Nf6 4. e3 e6 5. Nbd2 c5 6. cxd5 exd5 7. dxc5 Bxc5 8. a3 a5 9. Nb3 Bb6 10. Nbd4 O-O 11. b3 Nc6 12. Bb2 Bg4 13. Be2 Rc8 $146 ({RR} 13... Nxd4 14. Nxd4 Bxe2 15. Qxe2 Bc7 16. Nb5 Ra6 17. Rd1 Bb8 18. Qd3 Qc8 19. Bxf6 Rxf6 20. Nc3 Rg6 21. Nxd5 Bd6 22. g3 Qh3 23. b4 axb4 24. axb4 h5 25. Qe4 Re6 26. Qf3 Rc8 27. Ke2 Rc2+ 28. Rd2 {Djukic,S (2138)-Voiska,M (2187) Custica SRB 2022 ½-½ (37)}) ({RR} 13... Nxd4 14. Nxd4 Bxe2 15. Qxe2 Bc7 16. Nb5 Ra6 17. Rd1 Bb8 18. Qd3 Qc8 19. Bxf6 Rxf6 20. Nc3 Rg6 21. Nxd5 Bd6 22. g3 Qh3 23. b4 axb4 24. axb4 h5 25. Qe4 Re6 26. Qf3 Rc8 27. Ke2 Rc2+ 28. Rd2 {Djukic,S (2138)-Voiska,M (2187) Custica SRB 2022 ½-½ (37)}) 14. O-O Qe7 15. h3 Bxf3 16. Bxf3 Nxd4 17. Bxd4 Bxd4 18. Qxd4 Rc5 19. Be2 Rfc8 20. b4 axb4 21. axb4 R5c7 22. Ra7 g6 23. Rd1 Ne4 24. Bd3 Nf6 25. g3 h5 26. Kg2 Qe6 27. Rda1 Nd7 28. R7a5 Ne5 29. Rb5 Nxd3 30. Qxd3 Rc2 31. Qd4 Qf5 32. Qf4 Qd7 33. Rb6 Rd2 34. Qf6 Re8 35. Ra7 d4 36. Rbxb7 Qd5+ 37. e4 Qxe4+ 38. Kh2 Qf5 39. Qxf7+ Qxf7 40. Rxf7 Rb2 41. g4 hxg4 42. hxg4 Rd8 43. Kg3 d3 44. Rg7+ Kf8 45. Rh7 Kg8 46. Rag7+ Kf8 47. Rxg6 d2 48. Rh8+ Kf7 49. Rxd8 Kxg6 50. f3 Kf6 51. b5 1-0

[Event "Titled Tue 2nd May Late"]
[Site "chess.com INT"]
[Date "2023.05.02"]
[Round "9"]
[White "Andreikin, D."]
[Black "Henriquez Villagra, C."]
[Result "1/2-1/2"]
[WhiteElo "2729"]
[BlackElo "2616"]
[PlyCount "102"]
[EventDate "2023.05.02"]

1. d4 d5 2. c4 e6 3. Nf3 c6 4. g3 dxc4 5. Bg2 Nf6 6. O-O b5 7. Nc3 ({RR} 7. a4 Bb7 8. b3 cxb3 9. Qxb3 a6 10. Nc3 Be7 11. e4 b4 12. e5 Nd5 13. Ne4 O-O 14. Bg5 Bxg5 15. Nfxg5 h6 16. Nf3 a5 17. Nd6 Ba6 18. Rfc1 Qb6 19. Rc2 Nd7 20. Rac1 Nc3 21. Rxc3 bxc3 {Svidler,P (2728)-Vallejo Pons,F (2679) Monte Carlo 2007 1-0 (47)}) 7... a6 $146 ({RR} 7... Nd5 8. e4 Nxc3 9. bxc3 Bb7 10. Ng5 Be7 11. Qh5 g6 12. Qh6 Bf8 13. Qh3 Be7 14. f4 Nd7 15. g4 Bxg5 16. fxg5 e5 17. Qf3 Qe7 18. a4 a5 19. axb5 cxb5 20. d5 O-O 21. Ba3 b4 22. Rab1 {Gerlagh,J (2163)-Timmermans,I (2157) Maastricht 2015 1-0 (41)}) ({RR} 7... Be7 8. e4 O-O 9. e5 Nd5 10. Ne4 Nd7 11. Bg5 f6 12. exf6 gxf6 13. Bh6 Rf7 14. Re1 Nf8 15. a4 a5 16. Bh3 b4 17. Rc1 Nb6 18. Nc5 Bxc5 19. dxc5 Qxd1 20. Rexd1 Nxa4 21. Rd8 Bb7 22. Rxa8 {Carrasco Miranda,A (2213)-Jovic,S (2096) chess.com INT 2025 1-0}) 8. e4 Be7 9. Bg5 O-O 10. e5 Nd5 11. Ne4 Nd7 12. h4 f5 13. exf6 gxf6 14. Bh6 Rf7 15. Re1 Bf8 16. Qc1 Bxh6 17. Qxh6 Qf8 18. Qh5 Qg7 19. Nd6 Re7 20. a4 N7b6 21. axb5 cxb5 22. Nxc8 Rxc8 23. Rxa6 Qg6 24. Qxg6+ hxg6 25. Nd2 Kf7 26. Ne4 Rd8 27. Nc5 b4 28. Kf1 c3 29. bxc3 bxc3 30. Ke2 Nd7 31. Rc1 Nxc5 32. dxc5 Nb4 33. Rd6 Rxd6 34. cxd6 Rd7 35. Rxc3 Rxd6 36. Rc7+ Kf8 37. Be4 f5 38. Bf3 Nd3 39. Ke3 Ne5 40. Be2 Nf7 41. h5 gxh5 42. Bxh5 Ne5 43. Kf4 Nd3+ 44. Kg5 Nxf2 45. Rf7+ Kg8 46. Bg6 Ne4+ 47. Kh6 Rd2 48. Rg7+ Kf8 49. Rf7+ Kg8 50. Rg7+ Kf8 51. Rf7+ Kg8 1/2-1/2

[Event "CCT Final KO 2023"]
[Site "Toronto CAN"]
[Date "2023.12.14"]
[Round "1.33"]
[White "So, W."]
[Black "Abdusattorov, Nodirbek"]
[Result "1-0"]
[WhiteElo "2752"]
[BlackElo "2727"]
[PlyCount "101"]
[EventDate "2023.12.13"]

1. c4 e6 2. g3 d5 3. Bg2 Nf6 4. Nf3 c5 5. cxd5 exd5 6. d4 Be7 7. O-O O-O 8. dxc5 Bxc5 9. a3 h6 10. b4 Be7 11. Bb2 a5 12. b5 Nbd7 13. Nc3 ({RR} 13. Bd4 Ne4 14. Nfd2 Ndc5 15. Nxe4 dxe4 16. Bxc5 Bxc5 17. Qxd8 Rxd8 18. Bxe4 Be6 19. e3 Be7 20. Nc3 Rac8 21. Ne2 Bc4 22. Rfe1 b6 23. Bc6 Bxe2 24. Rxe2 Rd3 25. a4 Rcd8 26. Kg2 Rd2 27. Kf3 Bb4 {Kezin,R (2474)-Gadzhiev,R (2339) Moscow RUS 2026 ½-½ (51)}) 13... Nb6 14. Na4 $146 ({RR} 14. Nd4 a4 15. Qd3 Bc5 16. Rfd1 Re8 17. Bc1 Bg4 18. Bf4 Bh5 19. h4 Bg6 20. Nf5 Ng4 21. e3 Qc8 22. Nxd5 Bxf5 23. Nxb6 Bxb6 24. Qd6 Bc5 25. Qd5 Re7 26. Rdc1 Rd7 27. Rxc5 Rxd5 28. Rxc8+ Rxc8 {Wagner,D (2600)-Gadzhiev,R (2242) chess.com INT 2025 0-1 (64)}) 14... Nc4 15. Bd4 Bd7 16. Qb3 Ne4 17. Rfd1 Be6 18. Nb2 Ncd6 19. a4 Nf5 20. Nd3 Rc8 21. Rac1 Qd6 22. Be5 Qb6 23. Qb2 Bf6 24. Bxf6 Nxf6 25. Nd2 Nd4 26. Nf4 Bg4 27. Nf1 Rxc1 28. Rxc1 Rd8 29. Ne3 Be6 30. Rd1 Nf5 31. Nexd5 Bxd5 32. Nxd5 Nxd5 33. Bxd5 Ne7 34. Bb3 Rxd1+ 35. Bxd1 Qd6 36. Bb3 b6 37. Qc2 g5 38. Qe4 Kg7 39. e3 Qf6 40. Kg2 Kf8 41. Qa8+ Kg7 42. Qe4 Kf8 43. Qa8+ Kg7 44. Qd8 Qe5 45. Qxb6 Qe4+ 46. f3 Qb1 47. Qd4+ f6 48. Qc4 Qg6 49. b6 Qe8 50. b7 Nc6 51. Qxc6 1-0

[Event "Airthings Masters Play-In"]
[Site "chess.com INT"]
[Date "2023.02.03"]
[Round "3"]
[White "Andreikin, D."]
[Black "Yu Yangyi"]
[Result "1-0"]
[WhiteElo "2729"]
[BlackElo "2729"]
[PlyCount "99"]
[EventDate "2023.02.03"]

1. d4 Nf6 2. c4 e6 3. Nf3 d5 4. e3 Bd6 5. Nc3 O-O 6. c5 Be7 7. b4 b6 8. Bb2 ({RR} 8. a3 c6 9. Bd3 Ba6 10. O-O Qc7 11. Bxa6 Nxa6 12. Qd3 Nb8 13. Bd2 Nbd7 14. Rfc1 bxc5 15. bxc5 e5 16. Qf1 e4 17. Ne1 Ng4 18. g3 h5 19. Rab1 Rfb8 20. Nc2 Nf8 21. Nb4 Qd7 22. Qa6 Rc8 {Nakamura,H (2768)-Yu Yangyi (2729) chess.com INT 2023 1-0 (56)}) 8... c6 9. a3 $146 ({RR} 9. Bd3 Ba6 10. O-O Bxd3 11. Qxd3 Nbd7 12. Rfc1 Qc7 13. Rab1 Rfb8 14. Ba1 Qc8 15. h3 Bd8 16. Ne2 bxc5 17. dxc5 Ne4 18. Nd2 Nxd2 19. Qxd2 Bf6 20. Bxf6 Nxf6 21. a4 a6 22. Nd4 e5 23. Nf3 Qe6 {Kramnik,V (2753)-Martinez Alcantara,J (2612) Madrid ESP 2024 ½-½ (40)}) 9... Qc7 10. Bd3 Ba6 11. Ne5 Bxd3 12. Nxd3 Nbd7 13. O-O a5 14. Qc2 Qb7 15. h3 h6 16. Rfb1 axb4 17. axb4 Rxa1 18. Rxa1 Ra8 19. Rxa8+ Qxa8 20. Qa4 Qxa4 21. Nxa4 b5 22. Nc3 Ne4 23. Ne2 Nd2 24. Bc3 Nc4 25. g4 f5 26. Kg2 Kf7 27. Ne5+ Ndxe5 28. dxe5 fxg4 29. hxg4 Ke8 30. Nd4 Kd7 31. Nc2 g6 32. f4 Bd8 33. Kf3 Bh4 34. Nd4 Bd8 35. Ke2 Bc7 36. Nf3 Bd8 37. Kd3 h5 38. gxh5 gxh5 39. Ke2 Be7 40. Be1 Na3 41. Nd4 Nc4 42. f5 exf5 43. e6+ Ke8 44. Nxc6 Bg5 45. Nd4 Bxe3 46. Nxf5 Bg5 47. c6 Kd8 48. Bg3 h4 49. c7+ Kc8 50. e7 1-0

[Event "Canadian Open 2023"]
[Site "Calgary CAN"]
[Date "2023.07.29"]
[Round "9.2"]
[White "Nyzhnyk, I."]
[Black "Gupta, Ab"]
[Result "1-0"]
[WhiteElo "2642"]
[BlackElo "2629"]
[PlyCount "99"]
[EventDate "2023.07.22"]

1. d4 {Tsesarsky,Ilya} d5 2. c4 c6 3. Nf3 Nf6 4. e3 e6 5. Bd3 dxc4 6. Bxc4 Nbd7 7. O-O Bd6 8. b3 e5 9. Bb2 Qc7 10. h3 O-O 11. Nbd2 b5 $146 ({RR} 11... h6 12. e4 exd4 13. Nxd4 Re8 14. Re1 Bh2+ 15. Kh1 Bf4 16. N4f3 Ne5 17. Nxe5 Bxe5 18. Bxe5 Qxe5 19. Nf3 Qa5 ({RR} 19... Qf4 20. e5 Ne4 21. Qe2 Ng5 22. Nxg5 Qxg5 23. Rad1 Be6) 20. e5 Nh7 21. Qe2 Nf8 ({RR} 21... Bf5 22. Nd4 Bg6 23. f4) ({RR} 21... Be6 22. Bxe6 Rxe6 23. Nd4) 22. Nd4 ({RR} 22. Rad1) 22... Bd7 ({RR} 22... Be6 23. Bxe6 Nxe6 24. Nf5 Rad8) 23. f4 c5 ({RR} 23... Be6 24. Nxe6 fxe6 ({RR} 24... Nxe6 25. f5 Ng5 ({RR} 25... Nf4 26. Qe4 Nd5 27. b4) 26. a3 ({RR} 26. h4 Nh7 27. Qh5 ({RR} 27. e6 fxe6 28. Bxe6+ ({RR} 28. fxe6 Re7 29. Rad1 Rae8) 28... Kh8 29. Rad1 ({RR} 29. g4 Nf8 30. g5 Nxe6 31. fxe6 Qf5 32. gxh6 Rxe6) 29... Rad8) 27... Re7 28. Re2 Rd8 ({RR} 28... b5 29. f6) 29. Rf1 ({RR} 29. f6 Nxf6) 29... Rd4 30. f6 ({RR} 30. g3 Rxc4 31. bxc4 Rxe5 32. Qf3) 30... Nxf6 31. Rxf6 Rxc4 32. bxc4 gxf6 33. Qg4+ Kf8 34. exf6 Rxe2 35. Qxe2 Qd8 36. Qe5) 26... b5 27. b4 Qb6 28. Bb3 c5 29. bxc5 Qxc5 30. h4 Nh7 31. Qf3) 25. Rf1) 24. Nb5 Bxb5 25. Bxb5 Re7 26. f5 {Tregubov,P (2632)-Pavasovic,D (2584) Istanbul 2003 CBM 096 [Tsesarsky,Ilya] ½-½ (66)} {RR} Rd8 27. Bc4 ({RR} 27. f6 gxf6 28. Qg4+ Kh7 29. Qf5+ Ng6) 27... Rde8 28. Rad1 Qc7 ({RR} 28... Rxe5 29. Bxf7+ Kh8 ({RR} 29... Kxf7 30. Qc4+ Kf6 31. Rd6+) 30. Bxe8 Rxe2 31. Rxe2) 29. e6 ({RR} 29. Rd5 a6 30. a4 Nd7 31. e6 fxe6 32. fxe6 Nf6 33. Rd7 Qg3 34. Qe5 Qxe5 35. Rxe5 Kf8 ({RR} 35... b6 36. Rd6) 36. Rxe7 Kxe7 37. Rxc5 Kd6 38. Rf5) 29... fxe6 30. fxe6 Kh8 31. Qg4) ({RR} 11... exd4 12. Nxd4 Ne5) 12. Bd3 Bb7 13. Qc2 a6 14. Ne4 Nxe4 15. Bxe4 h6 16. Rac1 Rac8 17. Rfd1 exd4 18. Nxd4 Be5 19. Nxc6 Bxc6 20. Qxc6 Qxc6 21. Rxc6 Rxc6 22. Bxc6 Nb8 23. Bxe5 Nxc6 24. Bc3 Rc8 25. Kf1 f6 26. Ke2 Rc7 27. e4 Kf7 28. f4 Nb8 29. Rd3 Nc6 30. Ke3 Ke8 31. g4 Rd7 32. Rxd7 Kxd7 33. f5 Ke7 34. h4 Kf7 35. Kf4 g6 36. Kf3 Ne7 37. h5 gxh5 38. gxh5 Nc6 39. Kf4 Ne7 40. Bb4 Nc6 41. Bd6 Nd4 42. e5 fxe5+ 43. Bxe5 Ne2+ 44. Ke4 Nc1 45. Bf4 Nxa2 46. Bxh6 Nc3+ 47. Ke5 Nd1 48. Bd2 Nf2 49. b4 Ng4+ 50. Kd4 1-0

[Event "Titled Tue 4th Apr Early"]
[Site "chess.com INT"]
[Date "2023.04.04"]
[Round "11"]
[White "Andreikin, D."]
[Black "Korobov, A."]
[Result "1-0"]
[WhiteElo "2729"]
[BlackElo "2664"]
[PlyCount "99"]
[EventDate "2023.04.04"]

1. Nf3 d5 2. d4 Nf6 3. c4 c6 4. Qc2 e6 5. Bg5 h6 6. Bxf6 Qxf6 7. Nbd2 Nd7 8. e3 g6 9. Be2 Bg7 10. O-O O-O ({RR} 10... Qe7 11. e4 O-O 12. Rfe1 dxe4 13. Nxe4 e5 14. dxe5 Nxe5 15. Rad1 Nxf3+ 16. Bxf3 Qb4 17. b3 Bf5 18. Qd2 a5 19. Re2 Qxd2 20. Rdxd2 h5 21. Nd6 Bc3 22. Nxb7 Bxd2 23. Rxd2 a4 24. b4 Rfe8 25. Kf1 {Buscara,S (2205)-Solodovnichenko,Y (2515) Montpellier FRA 2026 0-1 (46)}) 11. Rfd1 $146 ({RR} 11. Rac1 Qe7 12. a3 dxc4 13. Nxc4 e5 14. Rfd1 exd4 15. Nxd4 Nf6 16. b4 c5 17. bxc5 Qxc5 18. Qb3 Qe7 19. Na5 Rd8 20. Bf3 Bg4 21. Qxb7 Qxa3 22. Nac6 Bxf3 23. gxf3 Rf8 24. Nb5 Qb2 25. Rb1 Qe2 {Bogdanovski,V (2435)-Stanojoski,Z (2411) Struga 2013 1-0 (32)}) 11... Qe7 12. Rac1 dxc4 13. Nxc4 b6 14. Nce5 Nxe5 15. Nxe5 c5 16. Bf3 Bb7 17. Nc6 Bxc6 18. Bxc6 Rac8 19. d5 Rfd8 20. b3 Rd6 21. Rd2 Rcd8 22. Rcd1 h5 23. g3 h4 24. Qe4 f5 25. Qxh4 Qxh4 26. gxh4 Kf8 27. Kf1 Bf6 28. h5 gxh5 29. Ke2 Ke7 30. f4 Kf8 31. dxe6 Rxd2+ 32. Rxd2 Rxd2+ 33. Kxd2 Ke7 34. Bd7 Bg7 35. Kd3 Bh6 36. Kc4 Kd6 37. Kb5 Bg7 38. Ka6 Bc3 39. Kxa7 Bd2 40. Kxb6 Bxe3 41. Kb5 Bxf4 42. h3 Be3 43. Kc4 f4 44. Kd3 c4+ 45. Kxc4 f3 46. Kd3 f2 47. Ke2 h4 48. Bb5 Bc5 49. Bc4 Ke7 50. Kf3 1-0